Trésor sacré des seven deadly sins - Statistiques

Statistiques générales
  • Ce quiz a été pris 100 fois
  • Le résultat moyen est 4 sur 7
Statistiques - réponses
Personnage Trésor sacré % Correct
Escanor Rhitta
81%
Meliodas Lostvayne
75%
Diane Gideon
62%
King Chastiefol
48%
Gowther Herritt
32%
Merlin Aldan
30%
Ban Courechouse
28%
Aucun quiz correspondant
Distribution des résultats
% des personnes avec chaque résultat
Percentile par nombre de réponses
Votre historique - résultats
Vous n’avez pas pris ce quiz